Statistics for Ultimate fruit quiz

Click here to take the quiz!

General Stats

  • This quiz has been taken 16 times
  • The average score is 23 of 55

Answer Stats

Answer% Correct
Apple
100%
Banana
93%
Orange
86%
Raspberry
86%
Blackberry
79%
Blueberry
79%
Peach
79%
Pear
79%
Strawberry
79%
Kiwi
71%
Apricot
64%
Grapefruit
64%
Grapes
64%
Watermelon
64%
Cherry
57%
Fig
57%
Lemon
57%
Lime
57%
Redcurrant
57%
Tangerine
57%
Avocado
50%
Date
50%
Honeydew
50%
Nectarine
50%
Plum
50%
Quince
50%
Blackcurrant
43%
Gooseberry
43%
Mango
43%
Persimmon
43%
Pineapple
43%
Cantaloupe
36%
Durian
36%
Star fruit
36%
Coconut
29%
Dragonfruit
29%
Guava
29%
Papaya
29%
Passion fruit
29%
Pomegranate
29%
Cranberry
21%
Kumquat
21%
Jackfruit
14%
Mulberry
7%
Olive
7%
Pomelo
7%
Asian Pear
0%
Blood orange
0%
Custard Apple
0%
Ground cherry
0%
Litchi
0%
Mangosteen
0%
Raisin
0%
Rambutan
0%
Sour cherry
0%

Score Distribution

Percentile by Number Answered

Percent of People with Each Score

Your Score History

You have not taken this quiz